00523 2200181 4500001002100000005001700021008004100038035002400079040001200103082001500115090001900130245005000149260005600199300002700255650002900282850001200311990001800323INLIS00000000002410320161114091553.0  0010-111600000000357 aYOPDYOG 223a069.52 aNUS 069.52 Pam aPAMERAN bersama pesona ragam hias se Sumatera aPadangbMuseum Negeri Provinsi Sumatera Utarac1998 avii, 58 hlm.c; 19 cm. aKoleksi Museum - Pameran aYOPDYOG a45833-PD/A.13